| 000 | 00997nam a2200265 4500 | ||
|---|---|---|---|
| 003 | OSt | ||
| 005 | 20260601193855.0 | ||
| 008 | 260420b2005 mx a|||| |||| 00| 0 spa d | ||
| 040 |
_aICI _bspa _cICI |
||
| 050 |
_aF 1209 _bC37.2005 |
||
| 100 | 1 |
_aCardona Boldó, Ramiro, _932901 |
|
| 245 | 1 |
_aPueblos mágicos / _btextos Ramiro Cardona Boldó, Rosa María Riveros Testolini ; fotografía Homero Adame [y otros nueve] ; coordinador editorial Jaime Bali ; _ceditor Ramiro Cardona Boldó. |
|
| 250 | _aSegunda edición. | ||
| 264 |
_bEditorial México Desconocido _c2005 _aSecretaría de Turismo : |
||
| 300 |
_a244 páginas _bfotografías color ; _c32 cm. |
||
| 336 |
_atexto _2rdacontent |
||
| 337 |
_asin medio _2rdamedia |
||
| 338 |
_avolumen _2rdacarrier |
||
| 500 | _aEjemplar con sobrecubierta. | ||
| 651 |
_aMéxico _xHistoria _9614 |
||
| 700 | 1 |
_aRiveros Testolini, Rosa María, _eautor _932902 |
|
| 700 | 1 |
_aAdame, Homero, _efotógrafo _932903 |
|
| 710 | 1 |
_aMéxico. _924120 |
|
| 942 |
_2lcc _cB |
||
| 999 |
_c22012 _d22012 |
||